Flags of USA States #2 - Statistics

General Stats
  • This quiz has been taken 82 times
  • The average score is 9 of 10
Answer Stats
Picture Answer % Correct
Idaho
99%
Illinois
99%
Iowa
99%
Kansas
99%
Maine
99%
Indiana
94%
Hawaii
87%
Maryland
84%
Kentucky
79%
Louisiana
74%
No matching quizzes found
Score Distribution
Percent of People with Each Score
Percentile by Number Answered
Your Score History
You have not taken this quiz